[Event "Teplice op 18th"]
[Site "Teplice"]
[Date "2025.06.20"]
[Round "7"]
[White "Piddubna, Bozhena"]
[Black "Sylvan, Jacob"]
[Result "1-0"]
[WhiteElo "2173"]
[BlackElo "2323"]
[PlyCount "61"]
[EventDate "2025.06.14"]
[EventType "swiss"]
[EventRounds "9"]
[EventCountry "CZE"]
[SourceTitle "CB26_2025"]
[SourceDate "2025.06.25"]
[SourceVersion "1"]
[SourceVersionDate "2025.06.25"]
[SourceQuality "1"]

1. d4 Nf6 2. c4 e6 3. Nc3 Bb4 4. e3 0-0 5. Bd2 d5 6. Nf3 b6 7. cxd5 exd5 8. Bd3 Bb7 9. Rc1 a6 10. 0-0 Bd6 11. a3 c5 12. Re1 c4 13. Bb1 Re8 14. e4 dxe4 15. Ng5 Nbd7 16. h3 Rc8 17. Ncxe4 Bb8 18. Qf3 Bd5 19. Nxf6+ Nxf6 20. Bxh7+ Kh8 21. Be4 Qc7 22. g3 Rxe4 23. Rxe4 Bxe4 24. Nxe4 Nxe4 25. Qxe4 Qd7 26. d5 b5 27. Re1 Qxh3 28. Bc3 Ba7 29. Qf4 Bc5 30. d6 Qd7 31. Qh6+ 1-0

[Event "Titled Tuesday intern op 06th May Early"]
[Site "Chess.com INT"]
[Date "2025.05.06"]
[Round "2"]
[White "Piddubna, Bozhena"]
[Black "Csonka, Balazs"]
[Result "0-1"]
[WhiteElo "2174"]
[BlackElo "2469"]
[PlyCount "160"]
[EventDate "2025.05.06"]
[EventType "swiss (blitz)"]
[EventRounds "11"]
[EventCountry "USA"]
[SourceTitle "CB20_2025"]
[SourceDate "2025.05.14"]
[SourceVersion "1"]
[SourceVersionDate "2025.05.14"]
[SourceQuality "1"]

1. d4 Nf6 2. c4 g6 3. Nf3 Bg7 4. g3 c5 5. Nc3 Qa5 6. Bg2 Ne4 7. Qd3 cxd4 8. Nxd4 Nc5 9. Qe3 Nc6 10. Ndb5 Ne6 11. Bd2 Qd8 12. 0-0 a6 13. Na3 0-0 14. Nc2 b5 15. cxb5 axb5 16. Nxb5 Bxb2 17. Rab1 Bg7 18. a3 Ba6 19. a4 Rc8 20. Nca3 Ncd4 21. Rfe1 d6 22. Bc3 Bxb5 23. Nxb5 Nc2 24. Qd2 Bxc3 25. Nxc3 Nxe1 26. Qxe1 Qa5 27. Nd5 Qxe1+ 28. Rxe1 Rfe8 29. Ra1 Nd4 30. a5 Nb3 31. Ra3 Rc1+ 32. Bf1 Nd2 33. Ne3 Ra8 34. Ra2 Nxf1 35. Nxf1 Rc5 36. Ne3 Rcxa5 37. Rb2 R5a7 38. Kg2 e6 39. h4 h5 40. Nc4 d5 41. Ne5 Kg7 42. e3 Rc8 43. Rd2 Rcc7 44. Rb2 f6 45. Nd3 Rab7 46. Nf4 Kf7 47. Ra2 Rc6 48. Ra8 Rd7 49. Rh8 e5 50. Rh7+ Ke8 51. Rh8+ Kf7 52. Rh7+ Ke8 53. Rh8+ Ke7 54. Nxg6+ Kd6 55. Rxh5 d4 56. exd4 exd4 57. Nf4 Kc7 58. Nd5+ Kb7 59. Nb4 Rc3 60. Rb5+ Kc7 61. Nd5+ Kc6 62. Nxc3 dxc3 63. Rb1 Kc5 64. Rc1 Kc4 65. Kf3 Kd3 66. h5 Kd2 67. Ra1 c2 68. h6 Rh7 69. Ra2 Rxh6 70. Kf4 Rh5 71. g4 Rb5 72. f3 Kd1 73. Rxc2 Kxc2 74. Ke4 Kc3 75. f4 Kc4 76. f5 Kc5 77. g5 fxg5 78. f6 Kd6 79. f7 Ke7 80. f8Q+ Kxf8 0-1

[Event "Titled Tuesday intern op 06th May Early"]
[Site "Chess.com INT"]
[Date "2025.05.06"]
[Round "1"]
[White "Piddubna, Bozhena"]
[Black "Novikova, Margarita"]
[Result "1-0"]
[WhiteElo "2174"]
[BlackElo "1969"]
[PlyCount "101"]
[EventDate "2025.05.06"]
[EventType "swiss (blitz)"]
[EventRounds "11"]
[EventCountry "USA"]
[SourceTitle "CB20_2025"]
[SourceDate "2025.05.14"]
[SourceVersion "1"]
[SourceVersionDate "2025.05.14"]
[SourceQuality "1"]

1. d4 Nf6 2. c4 e6 3. Nf3 d5 4. g3 Be7 5. Bg2 0-0 6. 0-0 dxc4 7. Qc2 c5 8. dxc5 Bxc5 9. Qxc4 Be7 10. Nc3 a6 11. Qb3 Nc6 12. Be3 Qa5 13. a3 Qh5 14. h3 e5 15. h4 Ng4 16. Nd5 Nxe3 17. Nxe7+ Nxe7 18. Qxe3 Nc6 19. Rfd1 Bg4 20. Rd5 Be6 21. Rc5 f6 22. Rac1 Bg4 23. Qb3+ Qf7 24. Qb6 Kh8 25. e3 e4 26. Nh2 Qg6 27. Nxg4 Qxg4 28. Qxb7 Ne5 29. Qxe4 Qe2 30. R5c2 Qh5 31. Qxa8 Rxa8 32. Rc8+ Qe8 33. Bxa8 Qg8 34. Rxg8+ Kxg8 35. Bd5+ Kf8 36. Rc7 h5 37. b4 Nd3 38. Ra7 Ne5 39. Rxa6 Ke7 40. Ra7+ Kf8 41. b5 Ke8 42. b6 Kd8 43. Rc7 Nd7 44. Rc6 Nb8 45. Rc2 Kd7 46. b7 Kd6 47. Bf3 g6 48. Rc8 Na6 49. Rc6+ Kd7 50. Rxa6 Kc7 51. Ra8 1-0

[Event "EU-ch (Women) 25th"]
[Site "Rhodes"]
[Date "2025.04.07"]
[Round "7"]
[White "Piddubna, Bozhena"]
[Black "Mihaljevic, Eva"]
[Result "1-0"]
[WhiteElo "2134"]
[BlackElo "2030"]
[PlyCount "49"]
[EventDate "2025.03.31"]
[EventType "swiss"]
[EventRounds "11"]
[EventCountry "GRE"]
[SourceTitle "CB16_2025"]
[SourceDate "2025.04.16"]
[SourceVersion "1"]
[SourceVersionDate "2025.04.16"]
[SourceQuality "1"]

1. d4 d5 2. c4 e6 3. Nf3 Nf6 4. g3 Be7 5. Bg2 0-0 6. 0-0 a5 7. Qc2 c6 8. Nbd2 b6 9. Rd1 Bb7 10. Ne5 Nfd7 11. Ndf3 Qc8 12. Ng5 Bxg5 13. Bxg5 Nxe5 14. dxe5 Qc7 15. cxd5 exd5 16. Bxd5 Qxe5 17. Bf4 Qf6 18. Be4 g6 19. Rd6 Qe7 20. Rad1 f5 21. Bh6 Re8 22. Qb3+ Qf7 23. Bc2 Qxb3 24. Bxb3+ Kh8 25. Rd8 1-0

[Event "EU-ch (Women) 25th"]
[Site "Rhodes"]
[Date "2025.04.04"]
[Round "5"]
[White "Piddubna, Bozhena"]
[Black "Bhatia, Kanishka"]
[Result "1-0"]
[WhiteElo "2134"]
[BlackElo "2028"]
[PlyCount "147"]
[EventDate "2025.03.31"]
[EventType "swiss"]
[EventRounds "11"]
[EventCountry "GRE"]
[SourceTitle "CB16_2025"]
[SourceDate "2025.04.16"]
[SourceVersion "1"]
[SourceVersionDate "2025.04.16"]
[SourceQuality "1"]

1. d4 Nf6 2. c4 e6 3. Nc3 d5 4. cxd5 exd5 5. Bg5 Be7 6. e3 0-0 7. Bd3 Re8 8. Bxf6 Bxf6 9. Qh5 g6 10. Qxd5 Bxd4 11. Nge2 Bg7 12. Bc4 Qe7 13. 0-0 c6 14. Qd2 Nd7 15. Nd4 Ne5 16. Be2 Be6 17. Nxe6 Qxe6 18. Rfd1 Nc4 19. Bxc4 Qxc4 20. Rac1 Re7 21. b3 Qh4 22. Ne2 Rae8 23. Rc4 Qf6 24. Rd4 h5 25. Rd3 Bh6 26. Nd4 Bg7 27. Nf3 Qf5 28. h3 Bf6 29. Rd6 Re6 30. Rd7 R6e7 31. Rd3 g5 32. Nd4 Qg6 33. Ne2 Qf5 34. Ng3 Qg6 35. Rd6 Re6 36. Qe2 g4 37. hxg4 hxg4 38. Rxe6 Rxe6 39. Qd3 Qxd3 40. Rxd3 Re8 41. Rd7 Re7 42. Rxe7 Bxe7 43. Nf5 Bg5 44. Kh2 Kh7 45. Kg3 Kg6 46. Kxg4 c5 47. Nd6 f5+ 48. Nxf5 b5 49. Nd6 a6 50. Kf3 Be7 51. Nc8 Bf8 52. Ke4 a5 53. Na7 c4 54. Nxb5 cxb3 55. axb3 Bb4 56. Kd5 Kf6 57. e4 Be1 58. f3 Bg3 59. Nc3 Be5 60. Ne2 Bb2 61. f4 Ke7 62. e5 Kf7 63. f5 Ke7 64. g4 Kd7 65. f6 a4 66. bxa4 Ke8 67. Ke6 Kf8 68. g5 Kg8 69. g6 Ba3 70. a5 Bc5 71. a6 Ba7 72. Kd7 Be3 73. e6 Bc5 74. Nf4 1-0

[Event "EU-ch (Women) 25th"]
[Site "Rhodes"]
[Date "2025.03.31"]
[Round "1"]
[White "Piddubna, Bozhena"]
[Black "Kulon, Klaudia"]
[Result "1-0"]
[WhiteElo "2134"]
[BlackElo "2408"]
[PlyCount "101"]
[EventDate "2025.03.31"]
[EventType "swiss"]
[EventRounds "11"]
[EventCountry "GRE"]
[SourceTitle "CB16_2025"]
[SourceDate "2025.04.16"]
[SourceVersion "1"]
[SourceVersionDate "2025.04.16"]
[SourceQuality "1"]

1. d4 Nf6 2. Nf3 g6 3. c4 Bg7 4. g3 0-0 5. Bg2 d6 6. Nc3 Nbd7 7. 0-0 e5 8. e4 exd4 9. Nxd4 Re8 10. Re1 Nc5 11. f3 Nfd7 12. Be3 Ne5 13. Bf1 a5 14. Nb3 Be6 15. f4 Nxc4 16. Bxc4 Bxc4 17. Nxc5 dxc5 18. Qa4 b5 19. Nxb5 Rxe4 20. Bf2 Rxe1+ 21. Rxe1 Be6 22. Bxc5 Qd2 23. Bf2 Rb8 24. Rd1 Qe2 25. Nd4 Qc4 26. Qxc4 Bxc4 27. Nc6 Ra8 28. b3 Be6 29. Bd4 Bf8 30. Bf6 Bd6 31. Be7 Bxe7 32. Nxe7+ Kf8 33. Nd5 Ra7 34. Nc3 Ra6 35. Kf2 Bg4 36. Rc1 Re6 37. Rc2 Bf5 38. Rc1 Rc6 39. Ne2 Rd6 40. Rxc7 Rd2 41. Ke3 Rxa2 42. Nd4 Bg4 43. Rc2 Ra3 44. Ke4 Kg7 45. Ke5 h5 46. Rc7 Ra2 47. f5 Rxh2 48. Ne6+ Kh6 49. Rc8 Kh7 50. Ng5+ Kh6 51. Kf6 1-0

[Event "Titled Tuesday intern op 25th Mar Early"]
[Site "Chess.com INT"]
[Date "2025.03.25"]
[Round "4"]
[White "Piddubna, Bozhena"]
[Black "Ishvi, Aggarwal"]
[Result "1-0"]
[WhiteElo "2145"]
[BlackElo "1954"]
[PlyCount "69"]
[EventDate "2025.03.25"]
[EventType "swiss (blitz)"]
[EventRounds "11"]
[EventCountry "USA"]
[SourceTitle "CB14_2025"]
[SourceDate "2024.11.01"]
[SourceVersion "1"]
[SourceVersionDate "2024.11.01"]
[SourceQuality "1"]

1. d4 Nf6 2. c4 e6 3. Nf3 c5 4. d5 exd5 5. cxd5 d6 6. Nc3 g6 7. e4 Bg7 8. h3 0-0 9. Be3 Re8 10. Bd3 a6 11. a4 Nbd7 12. 0-0 Rb8 13. a5 c4 14. Bc2 b5 15. axb6 Nxb6 16. Nd4 Bd7 17. Rxa6 Qc7 18. Ndb5 Bxb5 19. Nxb5 Qd8 20. Nd4 Qc8 21. Ra7 Rb7 22. Rxb7 Qxb7 23. Nc6 Nxe4 24. Re1 Nf6 25. Bxb6 Rxe1+ 26. Qxe1 Qxb6 27. Qe7 h5 28. Nd8 Nxd5 29. Qxf7+ Kh7 30. Bxg6+ Kh6 31. Bxh5 Kh7 32. Qg6+ Kg8 33. Qe6+ Kh7 34. Bg6+ Kh6 35. Nf7# 1-0

[Event "Titled Tuesday intern op 18th Mar Late"]
[Site "Chess.com INT"]
[Date "2025.03.18"]
[Round "9"]
[White "Piddubna, Bozhena"]
[Black "Fellowes, Billy"]
[Result "1-0"]
[WhiteElo "2145"]
[BlackElo "2203"]
[PlyCount "143"]
[EventDate "2025.03.18"]
[EventType "swiss (blitz)"]
[EventRounds "11"]
[EventCountry "USA"]
[SourceTitle "CB13_2025"]
[SourceDate "2025.03.26"]
[SourceVersion "1"]
[SourceVersionDate "2025.03.26"]
[SourceQuality "1"]

1. d4 Nc6 2. d5 Ne5 3. Nf3 Nxf3+ 4. exf3 Nf6 5. c4 g6 6. Nc3 Bg7 7. Be2 0-0 8. 0-0 c6 9. Be3 d6 10. dxc6 bxc6 11. Qc1 Ba6 12. Bh6 Rb8 13. Bxg7 Kxg7 14. b3 Qa5 15. Ne4 d5 16. Nxf6 exf6 17. Re1 Rfe8 18. h3 d4 19. Bd3 c5 20. Be4 f5 21. Bc6 Rxe1+ 22. Qxe1 Qc7 23. Bd5 Qd6 24. Qa5 Re8 25. Re1 Rxe1+ 26. Qxe1 Bc8 27. Qe2 Be6 28. Bxe6 fxe6 29. Qd3 e5 30. g3 Qc6 31. a3 e4 32. fxe4 fxe4 33. Qd2 Qf6 34. b4 Qd6 35. bxc5 Qxc5 36. Qf4 Qe7 37. Qd2 d3 38. Qc3+ Kg8 39. c5 e3 40. Qxd3 e2 41. Qd5+ Kg7 42. Qd4+ Kh6 43. Qd2+ g5 44. Qe1 Kg6 45. c6 h5 46. c7 Qxc7 47. Qxe2 Qc1+ 48. Kh2 Qxa3 49. Qe6+ Kg7 50. Qd7+ Kf6 51. Qc6+ Kf5 52. Qd5+ Kf6 53. Qd4+ Ke6 54. Qe4+ Kf7 55. Qf5+ Ke8 56. Qxg5 Qf3 57. Qg6+ Kd7 58. Qg7+ Kc6 59. Qg6+ Kb5 60. Qb1+ Kc4 61. Qc1+ Kb5 62. Qb1+ Ka6 63. Qa2+ Kb6 64. Qb2+ Kc6 65. Qc2+ Kd7 66. Qd2+ Ke8 67. Qe1+ Kf7 68. Qd2 a6 69. Kg1 Qf5 70. Qa2+ Qe6 71. Qa5 Kg6 72. Qa1 1-0

[Event "Titled Tuesday intern op 18th Mar Late"]
[Site "Chess.com INT"]
[Date "2025.03.18"]
[Round "8"]
[White "Pieri, Pierre Louis"]
[Black "Piddubna, Bozhena"]
[Result "0-1"]
[WhiteElo "2203"]
[BlackElo "2145"]
[PlyCount "78"]
[EventDate "2025.03.18"]
[EventType "swiss (blitz)"]
[EventRounds "11"]
[EventCountry "USA"]
[SourceTitle "CB13_2025"]
[SourceDate "2025.03.26"]
[SourceVersion "1"]
[SourceVersionDate "2025.03.26"]
[SourceQuality "1"]

1. d4 Nf6 2. Nc3 d5 3. e4 dxe4 4. f3 exf3 5. Nxf3 c6 6. Bd3 Bg4 7. Be3 e6 8. Qe2 Nbd7 9. a3 Nb6 10. 0-0 Be7 11. h3 Bh5 12. g4 Bg6 13. Ne5 0-0 14. h4 Bxd3 15. Qxd3 Nfd5 16. g5 Nxe3 17. Qxe3 Nd5 18. Qe2 Qb6 19. Rad1 Rad8 20. Ne4 f6 21. Nf3 e5 22. Kh1 f5 23. Ng3 e4 24. Ne5 g6 25. h5 Kg7 26. c4 Nc7 27. hxg6 hxg6 28. Nxg6 Rh8+ 29. Kg2 Kxg6 30. Nxf5 Bxg5 31. Qxe4 Qxb2+ 32. Rf2 Rh2+ 33. Kxh2 Qxf2+ 34. Kh3 Rh8+ 35. Nh4+ Kg7 36. Qe5+ Bf6 37. Qxc7+ Kf8 38. Qc8+ Kf7 39. Qd7+ Be7 0-1

[Event "Titled Tuesday intern op 11th Mar Late"]
[Site "Chess.com INT"]
[Date "2025.03.11"]
[Round "10"]
[White "Beletic, Daniel"]
[Black "Piddubna, Bozhena"]
[Result "1-0"]
[WhiteElo "2250"]
[BlackElo "2145"]
[PlyCount "57"]
[EventDate "2025.03.11"]
[EventType "swiss (blitz)"]
[EventRounds "11"]
[EventCountry "USA"]
[SourceTitle "CB12_2025"]
[SourceDate "2025.03.19"]
[SourceVersion "1"]
[SourceVersionDate "2025.03.19"]
[SourceQuality "1"]

1. e4 e5 2. Nf3 Nc6 3. Bc4 Nf6 4. d3 Be7 5. 0-0 0-0 6. Re1 d6 7. c3 Na5 8. Bb5 a6 9. Ba4 b5 10. Bc2 c5 11. Nbd2 Nc6 12. Nf1 Qc7 13. Ng3 Re8 14. Nh4 d5 15. Nhf5 Bf8 16. Bg5 Bxf5 17. Nxf5 d4 18. Bxf6 gxf6 19. Bb3 Ne7 20. Qg4+ Ng6 21. h4 c4 22. dxc4 Kh8 23. cxb5 axb5 24. g3 Red8 25. h5 Ne7 26. Bxf7 Bh6 27. Nxh6 dxc3 28. Be6 Rf8 29. bxc3 1-0

[Event "Titled Tuesday intern op 11th Mar Late"]
[Site "Chess.com INT"]
[Date "2025.03.11"]
[Round "1"]
[White "Lie, Kjetil A"]
[Black "Piddubna, Bozhena"]
[Result "0-1"]
[WhiteElo "2489"]
[BlackElo "2145"]
[PlyCount "130"]
[EventDate "2025.03.11"]
[EventType "swiss (blitz)"]
[EventRounds "11"]
[EventCountry "USA"]
[SourceTitle "CB12_2025"]
[SourceDate "2025.03.19"]
[SourceVersion "1"]
[SourceVersionDate "2025.03.19"]
[SourceQuality "1"]

1. c4 Nf6 2. g3 e6 3. Bg2 d5 4. Nf3 dxc4 5. Qa4+ Nbd7 6. Qxc4 c5 7. Qc2 b6 8. Ne5 Nd5 9. Nxd7 Qxd7 10. 0-0 Be7 11. d3 0-0 12. Nc3 Bb7 13. Bd2 Nxc3 14. bxc3 Bxg2 15. Kxg2 Bf6 16. Rab1 Rfd8 17. Rfd1 Qd5+ 18. Kg1 c4 19. d4 Qh5 20. Bf4 h6 21. a4 Rd5 22. Kg2 Rad8 23. e4 Ra5 24. f3 Bg5 25. Be5 Qg6 26. Rb5 Rxb5 27. axb5 Bf6 28. Bxf6 Qxf6 29. Ra1 Qg5 30. e5 Rd7 31. Qe2 Rc7 32. Ra4 Qc1 33. Rxc4 Rxc4 34. Qxc4 Qc2+ 35. Kg1 Qc1+ 36. Kf2 Qc2+ 37. Ke3 Qc1+ 38. Kf2 Qc2+ 39. Qe2 Qxc3 40. Qe3 Qb2+ 41. Kg1 Qxb5 42. Kg2 a5 43. Kh3 a4 44. Qc3 Qb3 45. Qc8+ Kh7 46. Qb7 a3 47. Qa7 a2 48. d5 Qxf3 49. Qxa2 Qxd5 50. Qc2+ g6 51. Qc7 Kg7 52. Qd8 Qxe5 53. Kg2 Qe4+ 54. Kh3 Qf5+ 55. Kg2 b5 56. Qd4+ Qf6 57. Qb6 Qb2+ 58. Kh3 b4 59. Qb5 b3 60. Qb4 h5 61. Kh4 Qf6+ 62. Kh3 Qf5+ 63. Kg2 Qc2+ 64. Kh3 b2 65. Qd4+ Kh7 0-1

[Event "Titled Tuesday intern op 11th Mar Late"]
[Site "Chess.com INT"]
[Date "2025.03.11"]
[Round "11"]
[White "Piddubna, Bozhena"]
[Black "Lai, Duc Minh1"]
[Result "1-0"]
[WhiteElo "2145"]
[BlackElo "2072"]
[PlyCount "137"]
[EventDate "2025.03.11"]
[EventType "swiss (blitz)"]
[EventRounds "11"]
[EventCountry "USA"]
[SourceTitle "CB12_2025"]
[SourceDate "2025.03.19"]
[SourceVersion "1"]
[SourceVersionDate "2025.03.19"]
[SourceQuality "1"]

1. d4 f5 2. c4 Nf6 3. Nf3 g6 4. g3 Bg7 5. Bg2 0-0 6. 0-0 d6 7. Qb3 c6 8. Nc3 Ne4 9. Nxe4 fxe4 10. Ng5 Bxd4 11. Nxe4 Bg7 12. Bg5 h6 13. Be3 Na6 14. a3 Kh7 15. Rad1 Rf7 16. h4 Nc7 17. Bd4 Bxd4 18. Rxd4 Rb8 19. Nc3 Ne6 20. Rd2 Nc5 21. Qc2 Bf5 22. e4 Be6 23. b4 Nd7 24. Ne2 Ne5 25. c5 Qf8 26. f4 Nc4 27. Rd3 Rg7 28. f5 gxf5 29. exf5 Bg8 30. f6 Rg6 31. h5 Rxf6 32. Rxd6+ Kg7 33. Rdxf6 exf6 34. Qg6+ Kh8 35. Rxf6 Qg7 36. Qxh6+ Qxh6 37. Rxh6+ Kg7 38. Rg6+ Kf8 39. Nf4 Ne5 40. Rf6+ Ke7 41. Rf5 Nf7 42. Bh3 Rd8 43. Ng6+ Ke8 44. Rf2 Rd1+ 45. Kg2 Bh7 46. Re2+ Kd8 47. Bf5 Nh6 48. Bc2 Rc1 49. Rd2+ Kc7 50. Be4 Re1 51. Bd3 Ra1 52. Ne5 Bg8 53. g4 Bd5+ 54. Kg3 Rxa3 55. g5 Nf5+ 56. Kf4 Nh4 57. h6 Rb3 58. h7 Rxb4+ 59. Kg3 Nf5+ 60. Bxf5 Rb3+ 61. Rd3 Rb1 62. h8Q Rg1+ 63. Kf2 Rxg5 64. Qh7+ Kb8 65. Rxd5 Rxf5+ 66. Qxf5 cxd5 67. Qf8+ Kc7 68. Qd6+ Kc8 69. Qd7+ 1-0

[Event "Titled Tuesday intern op 11th Mar Late"]
[Site "Chess.com INT"]
[Date "2025.03.11"]
[Round "9"]
[White "Piddubna, Bozhena"]
[Black "Schmider, Niklas"]
[Result "1-0"]
[WhiteElo "2145"]
[BlackElo "2395"]
[PlyCount "59"]
[EventDate "2025.03.11"]
[EventType "swiss (blitz)"]
[EventRounds "11"]
[EventCountry "USA"]
[SourceTitle "CB12_2025"]
[SourceDate "2025.03.19"]
[SourceVersion "1"]
[SourceVersionDate "2025.03.19"]
[SourceQuality "1"]

1. d4 Nf6 2. c4 e6 3. Nf3 d5 4. g3 a6 5. Bg2 dxc4 6. 0-0 b5 7. Ne5 Nd5 8. e4 Nf6 9. d5 exd5 10. exd5 Bd6 11. Bf4 0-0 12. a4 g5 13. Nc6 Nxc6 14. Bxd6 Qxd6 15. dxc6 Qxd1 16. Rxd1 Bg4 17. Re1 Rfe8 18. Nc3 b4 19. Nd5 Nxd5 20. Bxd5 c3 21. bxc3 bxc3 22. Rec1 Rad8 23. Bc4 a5 24. Rxc3 Rd2 25. Kg2 Kg7 26. h3 Bf5 27. g4 Be4+ 28. Kg3 Red8 29. Re1 R8d4 30. Bb5 1-0

[Event "Titled Tuesday intern op 04th Mar Early"]
[Site "Chess.com INT"]
[Date "2025.03.04"]
[Round "8"]
[White "Aradhya, Garg"]
[Black "Piddubna, Bozhena"]
[Result "1-0"]
[WhiteElo "2359"]
[BlackElo "2145"]
[PlyCount "173"]
[EventDate "2025.03.04"]
[EventType "swiss (blitz)"]
[EventRounds "11"]
[EventCountry "USA"]
[SourceTitle "CB11_2025"]
[SourceDate "2025.03.12"]
[SourceVersion "1"]
[SourceVersionDate "2025.03.12"]
[SourceQuality "1"]

1. d4 Nf6 2. c4 e6 3. Nf3 b6 4. Nc3 Bb7 5. a3 Be7 6. d5 exd5 7. cxd5 0-0 8. e4 a5 9. e5 Ne8 10. Bd3 d6 11. 0-0 dxe5 12. Nxe5 Bf6 13. Bf4 Nd7 14. Nc6 Bxc6 15. dxc6 Nc5 16. Bc2 Bxc3 17. bxc3 Qf6 18. Qf3 Ne6 19. Qe4 g6 20. Be5 Qe7 21. Rfe1 Qc5 22. Qe3 Qc4 23. a4 Rd8 24. Qf3 Rd2 25. Qe4 Qc5 26. Re2 Rxe2 27. Qxe2 Qxc6 28. h4 Nd6 29. h5 Qc4 30. Qe3 Qc5 31. Qe2 Qc4 32. Bd3 Qh4 33. hxg6 hxg6 34. Bxg6 fxg6 35. Bxd6 Re8 36. Bg3 Qg5 37. Re1 Qf6 38. Qc4 Qf7 39. Re3 Ng7 40. Qxf7+ Kxf7 41. Bxc7 Rxe3 42. fxe3 b5 43. axb5 a4 44. b6 a3 45. c4 Ke6 46. b7 a2 47. b8Q a1Q+ 48. Kf2 Qf6+ 49. Bf4 g5 50. Qb6+ Kf7 51. Qxf6+ Kxf6 52. Bg3 Ne6 53. Kf3 Kf5 54. e4+ Kf6 55. Kg4 Nc5 56. e5+ Ke6 57. Kxg5 Ne4+ 58. Kf4 Nd2 59. c5 Nb3 60. Bf2 Na5 61. g4 Nc6 62. g5 Nxe5 63. Ke4 Ng6 64. Bd4 Ne7 65. Bf6 Nc6 66. Bb2 Ne7 67. Ba1 Nc6 68. Bf6 Na5 69. Bc3 Nc6 70. g6 Ne7 71. g7 Kf7 72. Bd4 Nc6 73. Kd5 Ne7+ 74. Kc4 Nc6 75. Bc3 Ne7 76. Kb5 Nd5 77. Bd4 Ne7 78. c6 Nf5 79. Bb2 Nd6+ 80. Kb6 Nc4+ 81. Ka7 Nxb2 82. c7 Nd3 83. c8Q Ne5 84. g8Q+ Kf6 85. Qcf8+ Nf7 86. Qgxf7+ Ke5 87. Qc5+ 1-0

[Event "Titled Tuesday intern op 04th Mar Early"]
[Site "Chess.com INT"]
[Date "2025.03.04"]
[Round "4"]
[White "Piddubna, Bozhena"]
[Black "Landivar, Matias"]
[Result "1-0"]
[WhiteElo "2145"]
[BlackElo "2014"]
[PlyCount "97"]
[EventDate "2025.03.04"]
[EventType "swiss (blitz)"]
[EventRounds "11"]
[EventCountry "USA"]
[SourceTitle "CB11_2025"]
[SourceDate "2025.03.12"]
[SourceVersion "1"]
[SourceVersionDate "2025.03.12"]
[SourceQuality "1"]

1. d4 Nf6 2. c4 d6 3. Nf3 Bf5 4. Nc3 Ne4 5. g3 Nxc3 6. bxc3 Be4 7. Bg2 g6 8. 0-0 Bg7 9. Be3 0-0 10. Qc1 Re8 11. Bh6 Bh8 12. Qf4 f5 13. d5 e5 14. dxe6 Rxe6 15. Ng5 Re7 16. Nxe4 Rxe4 17. Bxe4 fxe4 18. Qxe4 Bxc3 19. Qb1 b6 20. Qe4 Nd7 21. Rac1 Bf6 22. Rcd1 Qe8 23. Qd5+ Kh8 24. Qc6 Rc8 25. Qb7 a5 26. Qf3 Qe6 27. Qb7 Nc5 28. Qd5 Qxd5 29. cxd5 Re8 30. e3 Bc3 31. Rc1 Bf6 32. h4 Re7 33. Rfd1 Ne4 34. Rc4 Kg8 35. Rdc1 Nc5 36. R1c2 Re5 37. Rd2 Rh5 38. Bf4 Kg7 39. Kg2 h6 40. g4 Rxh4 41. Bg3 Rxg4 42. Rxg4 g5 43. Rc4 Kg6 44. Rd1 h5 45. Rxc5 bxc5 46. Rb1 h4 47. Bh2 Kf5 48. Kf3 g4+ 49. Ke2 1-0

[Event "Titled Tuesday intern op 04th Mar Early"]
[Site "Chess.com INT"]
[Date "2025.03.04"]
[Round "11"]
[White "Ruiz Aguilar, Pablo Alexander"]
[Black "Piddubna, Bozhena"]
[Result "1/2-1/2"]
[WhiteElo "2190"]
[BlackElo "2145"]
[PlyCount "154"]
[EventDate "2025.03.04"]
[EventType "swiss (blitz)"]
[EventRounds "11"]
[EventCountry "USA"]
[SourceTitle "CB11_2025"]
[SourceDate "2025.03.12"]
[SourceVersion "1"]
[SourceVersionDate "2025.03.12"]
[SourceQuality "1"]

1. e4 e5 2. Nf3 Nc6 3. d4 exd4 4. Nxd4 Nf6 5. Nxc6 bxc6 6. Bd3 d5 7. exd5 cxd5 8. Bb5+ Bd7 9. Bxd7+ Qxd7 10. 0-0 Be7 11. b3 0-0 12. Bb2 Qf5 13. Nd2 Bd6 14. Nf3 Ne4 15. Nd4 Qg6 16. Nf3 c6 17. Qd3 Qh6 18. g3 Rfe8 19. Rad1 Rad8 20. Kg2 Qg6 21. Qa6 Bb8 22. Bd4 c5 23. Qxg6 hxg6 24. Bb2 d4 25. Rfe1 f5 26. Nd2 Kf7 27. Nc4 Bc7 28. a4 g5 29. f3 Nf6 30. Kf2 g4 31. Rxe8 Rxe8 32. Ba3 Rh8 33. Rh1 gxf3 34. Kxf3 Ne4 35. g4 g6 36. gxf5 gxf5 37. h4 Ke6 38. h5 Kd5 39. h6 Bd8 40. Rh5 Bg5 41. h7 a6 42. Nb6+ Ke6 43. Nc4 Bf6 44. Rh6 Ng5+ 45. Ke2 Rxh7 46. Rxh7 Nxh7 47. Bxc5 Kd5 48. Bb6 Ng5 49. Bc7 Ne4 50. Bf4 Nc3+ 51. Kf3 Ne4 52. Nb2 Nc5 53. Nd3 Nxd3 54. cxd3 Kc5 55. Bd2 Be5 56. b4+ Kd5 57. Bf4 Bg7 58. Kg3 Bf8 59. Bd2 f4+ 60. Kg4 Bd6 61. Kf3 Kc6 62. Ke4 Be7 63. Kxd4 Bf6+ 64. Ke4 Be7 65. Kxf4 Kd5 66. Kf5 Bf8 67. b5 axb5 68. a5 Bc5 69. a6 Kd4 70. Bb4 Ba7 71. Ke6 Kxd3 72. Kd7 Kc4 73. Ba5 b4 74. Bxb4 Kxb4 75. Kc6 Ka5 76. Kb7 Bf2 77. a7 Bxa7 1/2-1/2